<?xml version="1.0" encoding="UTF-8"?>
<marc:record xmlns:marc="http://www.loc.gov/MARC21/slim">
   <marc:leader>00000nam a2200000 a 4500</marc:leader>
   <marc:datafield ind1="1" ind2=" " tag="100">
      <marc:subfield code="a">Schreiber-Wicke, Edith</marc:subfield>
      <marc:subfield code="4">aut</marc:subfield>
      <marc:subfield code="e">Verfasser/-in</marc:subfield>
   </marc:datafield>
   <marc:datafield ind1="0" ind2="0" tag="245">
      <marc:subfield code="a">Die Moonshinegang</marc:subfield>
   </marc:datafield>
   <marc:datafield ind1="0" ind2="0" tag="245">
      <marc:subfield code="b">Kuscheltiere in geheimer Mission</marc:subfield>
   </marc:datafield>
   <marc:datafield ind1="0" ind2="0" tag="245">
      <marc:subfield code="c">Edith Schreiber-Wicke. Mit Bildern von Carola Holland</marc:subfield>
   </marc:datafield>
   <marc:datafield ind1=" " ind2="1" tag="264">
      <marc:subfield code="a">Würzburg</marc:subfield>
      <marc:subfield code="b">Edition Bücherbär im Arena-Verl.</marc:subfield>
      <marc:subfield code="c">1998</marc:subfield>
   </marc:datafield>
   <marc:datafield ind1="1" ind2=" " tag="520">
      <marc:subfield code="a">Quelle: 1000 und 1 Buch (http://www.1001buch.at/); &lt;br/&gt;Autor: Sabine Karpischek; &lt;br/&gt;Kinder-Unterhaltung in Mike-Hammer-Sprache: Neun Kuscheltiere aus dem Weltall übernehmen einen Geheimauftrag auf der Erde. Dort leben die rückständigen Erdlinge, die es zustande bringen, sich selber mit Vernichtungswaffen zu bedrohen, deren Pizza aber gar nicht so schlecht schmeckt . . .&lt;br/&gt;&lt;br/&gt;Was ein Traum ist, weiß man ja, der Begriff "Traumübertragung" bringt einen jedoch -psychoanalytisch gesehen - einigermaßen durcheinander, noch dazu, wenn es sich dabei um eine Seelenheilung handelt: Neun Kuscheltiere aus dem Weltall, die auf die Erde gekommen sind, um ihren Planeten vor der atomaren Gefahr zu bewahren, heilen mit ihren guten Gedanken einen schlafenden Buben (in nur einer Nacht!) von seinen Gewaltfantasien. So erfüllen sie ihren Auftrag als Geheimagenten trotz zahlreicher Pannen und Missverständnisse doch noch, indem sie "das Böse" dort bannen, wo es entsteht: in der Kindheit. Was immer auch unter "Traumübertragung" zu verstehen sein mag, es ist hier erfolgreich: Der kleine Bub schmeißt sein Kriegsspielzeug in den Müll.&lt;br/&gt;Die Kuscheltierbande, die sich "Moonshinegang" nennt und im Stil von "Mike Hammer" miteinander kommuniziert, vereinigt so gut wie alle kindlichen Wunscheigenschaften in sich: stark wie ein Bär, schnell wie ein Rennfahrer, geheimnisvoll wie ein Agent, furchtlos wie ein Hochseilartist, chefmäßig wie ein Kommandant (es gibt natürlich auch ein Raumschiff); dazu noch zwei Seelchen, der eine Seelenforscher mit Löwenkomplex, der andere eine unauffällige Erscheinung mit Vorliebe für Blues. Weibliches Kuscheltier lässt sich keines identifizieren, dafür ist das Kind, bei dem sich die Bande schließlich zwecks Verbesserung des Erdlingsverhaltens einquartiert, ein Mädchen.&lt;br/&gt;Verpackt ist das gute Buch in Halbleinen, die Kuscheltiere sind als solche auch erhältlich -natürlich nur im "guten" Spielwarenhandel.</marc:subfield>
   </marc:datafield>
   <marc:datafield ind1=" " ind2=" " tag="020">
      <marc:subfield code="a">9783401074979</marc:subfield>
      <marc:subfield code="9">9783401074979</marc:subfield>
   </marc:datafield>
   <marc:datafield ind1=" " ind2=" " tag="041">
      <marc:subfield code="a">ger</marc:subfield>
   </marc:datafield>
   <marc:datafield ind1=" " ind2=" " tag="300">
      <marc:subfield code="b">Ill.</marc:subfield>
   </marc:datafield>
   <marc:datafield ind1="1" ind2=" " tag="521">
      <marc:subfield code="a">0</marc:subfield>
   </marc:datafield>
   <marc:datafield ind1=" " ind2=" " tag="300">
      <marc:subfield code="a">62 S.</marc:subfield>
   </marc:datafield>
</marc:record>
